Normal view MARC view
  • Supervised by Dr. Ata-ur-Rehman

Entry Personal Name

Number of records used in: 3

001 - CONTROL NUMBER

  • control field: 132602

003 - CONTROL NUMBER IDENTIFIER

  • control field: NUST

005 - DATE AND TIME OF LATEST TRANSACTION

  • control field: 20251229183247.0

008 - FIXED-LENGTH DATA ELEMENTS

  • fixed length control field: 251229|| aca||aabn | a|a d

040 ## - CATALOGING SOURCE

  • Original cataloging agency: NUST
  • Transcribing agency: NUST

100 ## - HEADING--PERSONAL NAME

  • Personal name: Supervised by Dr. Ata-ur-Rehman

670 ## - SOURCE DATA FOUND

  • Source citation: Work cat.: (NUST)603256: Burki, Abdulsamad 118236, Data Acquisition and Crime Anomaly Detection /
© 2023 Central Library, National University of Sciences and Technology. All Rights Reserved.